000 01200nam a2200325 c 4500
003 BLK
005 20240516100638.0
008 180408b bul|||||r ||||||| ||bul||
010 _aKNG00059005000
020 _a954-9415-14-7
040 _aBLK
041 _aBUL
_cBUL
080 _aБългарска литература
_b821.163.2
_x-311.6
_z821.163.2-311.6
100 1 _aХристозов, Петър
_eпърви автор
_9251078
139 _aХристозов, Петър
_bХ 82
245 1 0 _aКирливите ризи на националната сигурност
_bПолит. роман за събития, на които ще бъдем свидетели
_cПетър Христозов.
257 _aBGR
260 _aСофия
_bВодолей
_c2006
300 _a198 с.
_c20 см
380 _aX
500 _aПетър Христозов - псевд. на Христо Вълчев. - Офс. изд.
653 _aполитически романи
852 _aЦб 226905
856 4 _qpdf
856 4 _qpdf
942 _cKNG
_n0
_01
944 _aCR
_c24.03.2006
_k30564
_lГалина Якимова
944 _aED
_c05.03.2007
999 _c55040
_d55040
999 _d55040